Cotton cuties lady minstrels, (Record no. 18246)

MARC details
000 -LEADER
fixed length control field 00651cam a22002171 4500
001 - CONTROL NUMBER
control field ca 36001317
003 - CONTROL NUMBER IDENTIFIER
control field DLC
005 - DATE AND TIME OF LATEST TRANSACTION
control field 20260227111143.0
008 - FIXED-LENGTH DATA ELEMENTS--GENERAL INFORMATION
fixed length control field 790209s1931 nyua 000 0 eng
010 ## - LIBRARY OF CONGRESS CONTROL NUMBER
LC control number ca 36001317
035 ## - SYSTEM CONTROL NUMBER
System control number (OCoLC)4633413
040 ## - CATALOGING SOURCE
Original cataloging agency DLC
Transcribing agency NcWsW
Modifying agency DLC
042 ## - AUTHENTICATION CODE
Authentication code premarc
050 00 - LIBRARY OF CONGRESS CALL NUMBER
Classification number PN4305.N6
Item number K334
082 ## - DEWEY DECIMAL CLASSIFICATION NUMBER
Classification number 791.1
100 1# - MAIN ENTRY--PERSONAL NAME
Personal name Kaser, Arthur LeRoy,
Dates associated with a name 1890-1956.
245 10 - TITLE STATEMENT
Title Cotton cuties lady minstrels,
Remainder of title a complete minstrel show for ladies,
Statement of responsibility, etc. by Arthur LeRoy Kaser.
260 ## - PUBLICATION, DISTRIBUTION, ETC.
Place of publication, distribution, etc. New York,
Name of publisher, distributor, etc. Fitzgerald publishing corporation
Date of publication, distribution, etc. [c1931]
300 ## - PHYSICAL DESCRIPTION
Extent 60 p.
Other physical details diagr.
Dimensions 19 cm.
490 0# - SERIES STATEMENT
Series statement Playhouse specialties

No items available.

Powered by Koha